[Event "zonal 3.3 (w)"]
[Site "Ho Chi Minh City VIE"]
[Date "2009.07.28"]
[Round "8"]
[White "Le Hoang Tran Chau"]
[Black "Pham Thi Ngoc Tu"]
[Result "1-0"]
[WhiteElo "2073"]
[BlackElo "2089"]
[EventDate "2009.07.23"]
[PlyCount "97"]

1.d4 d5 2.Nf3 Nf6 3.c4 e6 4.Nc3 c6 5.Bg5 Be7 6.e3 Nbd7 7.cxd5 exd5 8.Bd3 
O-O 9.O-O Re8 10.Qc2 Nf8 11.Rab1 Ne4 12.Bxe7 Qxe7 13.b4 a6 14.a4 Ng6 15.b5
axb5 16.axb5 Ra3 17.Bxe4 dxe4 18.Nd2 f5 19.Ne2 cxb5 20.Rxb5 Ra6 21.Rfb1 
Rc6 22.Qb3+ Kh8 23.g3 Qg5 24.Rb6 Qg4 25.Rxc6 bxc6 26.Nf4 Nxf4 27.exf4 e3 
28.fxe3 Qe2 29.Nf1 h6 30.Qf7 Rg8 31.Rb8 Qf3 32.Qa2 Kh7 33.Qg2 Qd1 34.g4 
fxg4 35.Qe4+ g6 36.Qe7+ Kh8 37.Qf6+ Kh7 38.Ra8 Qb3 39.Qe7+ Rg7 40.Qd8 g3 
41.hxg3 g5 42.Qxc8 Qd5 43.Qh8+ Kg6 44.Qe8+ Kh7 45.Qe5 Qf7 46.f5 h5 47.Re8 
Qd7 48.f6 Rf7 49.Qe4+ 1-0

[Event "zonal 3.3 (w)"]
[Site "Ho Chi Minh City VIE"]
[Date "2009.07.28"]
[Round "8"]
[White "Pham Bich Ngoc"]
[Black "Enkhtuul, Altanulzii"]
[Result "1/2-1/2"]
[WhiteElo "2105"]
[BlackElo "2051"]
[EventDate "2009.07.23"]
[PlyCount "96"]

1.g3 d5 2.Bg2 c6 3.Nf3 Nd7 4.d4 g6 5.c4 dxc4 6.Qc2 Bg7 7.O-O Ngf6 8.Nbd2 
Nb6 9.b3 cxb3 10.axb3 O-O 11.e4 Bg4 12.h3 Bxf3 13.Nxf3 Nfd7 14.Ba3 Re8 15.
Rfd1 Nf8 16.Rac1 Rc8 17.Qe2 Ne6 18.Qe3 Nc7 19.Ne5 Nb5 20.Bb2 Qc7 21.h4 a5 
22.h5 a4 23.bxa4 Nxa4 24.Ba1 Ra8 25.hxg6 hxg6 26.Nxf7 Kxf7 27.Qb3+ Kf8 28.
Qxb5 cxb5 29.Rxc7 b4 30.e5 Rac8 31.Rxb7 Nc3 32.Bxc3 bxc3 33.Be4 Bh6 34.f4 
g5 35.Rb6 e6 36.Bc2 gxf4 37.gxf4 Rc7 38.Kg2 Bxf4 39.Rf1 Rf7 40.Rxe6 Rd8 
41.Bg6 c2 42.Bxc2 Rxd4 43.Bg6 Ra7 44.Bb1 Re7 45.Rd6 Rxd6 46.exd6 Rf7 47.d7
Ke7 48.Rd1 Kd8 1/2-1/2

[Event "zonal 3.3 (w)"]
[Site "Ho Chi Minh City VIE"]
[Date "2009.07.28"]
[Round "8"]
[White "Nguyen Thi Hanh"]
[Black "Ton Nu Hong An"]
[Result "1-0"]
[WhiteElo "1975"]
[BlackElo "2046"]
[EventDate "2009.07.23"]
[PlyCount "77"]

1.d4 g6 2.Nf3 Bg7 3.Bg5 Nf6 4.e3 O-O 5.Bd3 d6 6.Nbd2 c5 7.c3 Nc6 8.Bxf6 
Bxf6 9.d5 Ne5 10.Be2 Rb8 11.h4 b5 12.Qc2 e6 13.dxe6 Bxe6 14.Ne4 Nxf3+ 15.
Bxf3 Be7 16.g3 d5 17.Nd2 d4 18.cxd4 cxd4 19.exd4 Qxd4 20.O-O Bf5 21.Nb3 
Qf6 22.Qe2 Rfe8 23.Rfe1 Bb4 24.Qxe8+ Rxe8 25.Rxe8+ Kg7 26.Re2 Bd3 27.Re3 
Bc2 28.Be4 Bxb3 29.Rxb3 a5 30.Rd1 Qe5 31.Bf3 Qe6 32.Bd5 Qe2 33.Bf3 Qc2 34.
Rbd3 Qxb2 35.Rd7 Bc5 36.R1d2 Qc1+ 37.Kg2 Kf6 38.Bd1 Qc4 39.Bb3 1-0

[Event "zonal 3.3 (w)"]
[Site "Ho Chi Minh City VIE"]
[Date "2009.07.28"]
[Round "8"]
[White "Aulia, Medina Warda"]
[Black "Vo Thi Kim Phung"]
[Result "0-1"]
[WhiteElo "1945"]
[BlackElo "2073"]
[EventDate "2009.07.23"]
[PlyCount "78"]

1.e4 c5 2.Nf3 Nc6 3.d4 cxd4 4.Nxd4 Nf6 5.Nc3 g6 6.Be2 Bg7 7.Be3 Qa5 8.O-O 
O-O 9.Nb3 Qd8 10.f4 d6 11.h3 a6 12.a4 b6 13.Bf3 e5 14.Nd5 Nxd5 15.exd5 Ne7
16.c3 Nf5 17.Bd2 Re8 18.Bg4 Ng3 19.Re1 f5 20.Be2 Qh4 21.Be3 g5 22.fxe5 
Bxe5 23.Nd4 g4 24.Bd3 Bd7 25.Bf2 gxh3 26.Nf3 h2+ 27.Nxh2 Ne2+ 28.Rxe2 
Qxh2+ 29.Kf1 Qh1+ 30.Bg1 Bh2 31.Kf2 Bf4 32.Qc2 Rxe2+ 33.Bxe2 Re8 34.Qd3 
Be3+ 35.Qxe3 Rxe3 36.Kxe3 Qxg2 37.Bxa6 Qxb2 38.Rf1 Qxc3+ 39.Kf4 Qe5+ 0-1

[Event "zonal 3.3 (w)"]
[Site "Ho Chi Minh City VIE"]
[Date "2009.07.28"]
[Round "8"]
[White "Tran Le Dan Thuy"]
[Black "Chan Wei Yi, Victoria"]
[Result "1/2-1/2"]
[WhiteElo "1780"]
[BlackElo "1912"]
[EventDate "2009.07.23"]
[PlyCount "130"]

1.e4 c5 2.Nf3 d6 3.d4 cxd4 4.Nxd4 Nf6 5.Nc3 Nc6 6.Be3 Ng4 7.Bb5 Nxe3 8.
Nxc6 bxc6 9.Bxc6+ Bd7 10.Bxd7+ Qxd7 11.fxe3 Rb8 12.Rb1 g6 13.Qd4 f6 14.O-O
Bg7 15.Qd5 e6 16.Qd2 O-O 17.b3 Qc6 18.Nd1 Rbc8 19.Rc1 Qxe4 20.Qxd6 Rfd8 
21.Qf4 Qb7 22.Qf3 Qa6 23.a4 Rd5 24.Nf2 f5 25.Nd3 Qb6 26.Kh1 Bh6 27.Rfe1 
Qd6 28.Nf4 Rd2 29.c4 Rb8 30.c5 Qe7 31.c6 Rc8 32.Rc3 Bg7 33.Rc4 Be5 34.b4 
g5 35.Ne2 g4 36.Qf1 Qd6 37.b5 Bxh2 38.Rd4 Rxd4 39.Nxd4 Bg3 40.Rd1 Qe7 41.
Qc4 Qh4+ 42.Kg1 Qh2+ 43.Kf1 Qh1+ 44.Ke2 Qxg2+ 45.Kd3 Qe4+ 46.Kd2 Kf7 47.a5
Bf2 48.Qe2 Bg3 49.b6 axb6 50.axb6 Ra8 51.Qc4 Re8 52.c7 Qb7 53.Qc6 Qc8 54.
Nb5 Qa6 55.Ke2 f4 56.e4 Qa2+ 57.Rd2 f3+ 58.Kd3 Qb1+ 59.Rc2 f2 60.Qxe8+ 
Kxe8 61.c8=Q+ Kf7 62.Qd7+ Kf6 63.Qd8+ Kg6 64.Qg8+ Kf6 65.Qd8+ Kf7 1/2-1/2

[Event "zonal 3.3 (w)"]
[Site "Ho Chi Minh City VIE"]
[Date "2009.07.29"]
[Round "9"]
[White "Kharisma Sukandar, Irine"]
[Black "Hoang Thi Bao Tram"]
[Result "1-0"]
[WhiteElo "2311"]
[BlackElo "2274"]
[EventDate "2009.07.23"]
[PlyCount "99"]

1.e4 c6 2.d4 d5 3.Nc3 dxe4 4.Nxe4 Nd7 5.Ng5 Ngf6 6.Bd3 e6 7.Qe2 Bd6 8.N1f3
h6 9.Ne4 Nxe4 10.Qxe4 Nf6 11.Qe2 b6 12.Bd2 Bb7 13.O-O-O Qc7 14.Kb1 O-O-O 
15.Ba6 Bxa6 16.Qxa6+ Kb8 17.Qe2 Nd5 18.g3 Kb7 19.c4 Nf6 20.Bc3 Rhf8 21.
Rhe1 a6 22.Qc2 Ka7 23.Re2 Be7 24.Rde1 Rc8 25.Nd2 Rfd8 26.f4 g6 27.Nf3 b5 
28.Qd2 Qb7 29.Ba5 Rf8 30.Ne5 bxc4 31.Rc1 Nd5 32.Rxc4 c5 33.dxc5 Bxc5 34.
Qc1 Bd6 35.Nc6+ Ka8 36.Rec2 Bb8 37.Bb4 Nxb4 38.Rxb4 Qd7 39.Rb6 Qd3 40.Qh1 
Qd5 41.Qf1 Ba7 42.Rxa6 Rc7 43.Qc4 Qd7 44.b4 Rfc8 45.b5 Rb7 46.Kb2 Rcc7 47.
Nxa7 Rxa7 48.Qxc7 Qxb5+ 49.Ka1 Rxa6 50.Qc8+ 1-0

[Event "zonal 3.3 (w)"]
[Site "Ho Chi Minh City VIE"]
[Date "2009.07.29"]
[Round "9"]
[White "Batkhuyag, Munguntuul"]
[Black "Le Thanh Tu"]
[Result "1-0"]
[WhiteElo "2412"]
[BlackElo "2310"]
[EventDate "2009.07.23"]
[PlyCount "89"]

1.e4 e6 2.d4 d5 3.exd5 exd5 4.Bd3 Nc6 5.c3 Bd6 6.Qf3 Nf6 7.h3 O-O 8.Bg5 
Be7 9.Nd2 Ne4 10.Nxe4 Bxg5 11.Nxg5 Qxg5 12.Ne2 Ne7 13.O-O c6 14.Rfe1 Bf5 
15.Nf4 Bxd3 16.Nxd3 Ng6 17.Re3 h5 18.Qe2 Rad8 19.Rf1 h4 20.Re1 Rd6 21.a4 
f5 22.Qf3 b6 23.Re6 Rfd8 24.Rxd6 Rxd6 25.Re8+ Kh7 26.Ne5 Rf6 27.b4 Nf4 28.
Kh2 Ne6 29.Nd7 Rf7 30.Rxe6 Rxd7 31.Rxc6 Re7 32.Rd6 Re1 33.Rxd5 g6 34.Re5 
Ra1 35.a5 bxa5 36.Rxa5 Rxa5 37.bxa5 Qd8 38.Qb7+ Kh6 39.a6 Qd6+ 40.Kg1 Qa3 
41.Qc7 Qxa6 42.d5 Qd3 43.Qe5 a5 44.d6 a4 45.f4 1-0

[Event "zonal 3.3 (w)"]
[Site "Ho Chi Minh City VIE"]
[Date "2009.07.29"]
[Round "9"]
[White "Nguyen Thi Tuong Van"]
[Black "Pham Le Thao Nguyen"]
[Result "1/2-1/2"]
[WhiteElo "2246"]
[BlackElo "2314"]
[EventDate "2009.07.23"]
[PlyCount "113"]

1.e4 Nf6 2.e5 Nd5 3.d4 d6 4.Nf3 g6 5.Be2 Bg7 6.O-O O-O 7.c4 Nb6 8.exd6 
cxd6 9.Nc3 Nc6 10.Be3 Bg4 11.a4 Bxf3 12.gxf3 d5 13.c5 Nc8 14.Qb3 e6 15.
Qxb7 N8e7 16.Rfd1 Rb8 17.Qa6 Rxb2 18.Rab1 Rxb1 19.Nxb1 Qc7 20.Na3 Nf5 21.
Nc2 Rd8 22.Bf1 h5 23.Be2 Rb8 24.Bb5 Nce7 25.Bg5 e5 26.Nb4 exd4 27.Nd3 Be5 
28.Re1 Bxh2+ 29.Kh1 Bg3 30.f4 Bxf2 31.Nxf2 Qxc5 32.Bxe7 Nxe7 33.Nd3 Qc7 
34.Rc1 Qd8 35.Qf6 Rb6 36.Qg5 a6 37.Re1 f6 38.Qg2 axb5 39.f5 g5 40.Nf4 Kf7 
41.Ne6 Qc8 42.Qe2 Rxe6 43.Qxh5+ Kg7 44.fxe6 Qg8 45.a5 d3 46.Qf7+ Qxf7 47.
exf7 Nc6 48.a6 Kxf7 49.Kg2 d2 50.Rd1 Ke6 51.Rxd2 Kd6 52.Rf2 b4 53.Rxf6+ 
Kc5 54.Kf2 g4 55.Rg6 Kb5 56.Ke1 g3 57.Kd2 1/2-1/2

[Event "zonal 3.3 (w)"]
[Site "Ho Chi Minh City VIE"]
[Date "2009.07.29"]
[Round "9"]
[White "Nguyen Thi Mai Hung"]
[Black "Cua, Sherily"]
[Result "1-0"]
[WhiteElo "2219"]
[BlackElo "2174"]
[EventDate "2009.07.23"]
[PlyCount "65"]

1.d4 d5 2.c4 e6 3.Nf3 Nf6 4.e3 c6 5.Nbd2 Nbd7 6.Bd3 Bd6 7.O-O O-O 8.e4 
dxe4 9.Nxe4 Nxe4 10.Bxe4 h6 11.b3 Qc7 12.Bb2 e5 13.Bc2 exd4 14.Qxd4 Nf6 
15.Rfe1 Rd8 16.Qc3 c5 17.Rad1 Be6 18.Bb1 Be7 19.Qc2 Rxd1 20.Rxd1 g6 21.Be5
Qc8 22.Nh4 Qe8 23.Re1 Nd7 24.Bg3 Nf8 25.Qe4 Qd7 26.Qe3 Kh7 27.Nf3 b6 28.
Ne5 Qe8 29.Be4 Rc8 30.Bb7 Rb8 31.Nxf7 Kg7 32.Qxh6+ Kxf7 33.Qf4+ 1-0

[Event "zonal 3.3 (w)"]
[Site "Ho Chi Minh City VIE"]
[Date "2009.07.29"]
[Round "9"]
[White "Le Thi Phuong Lien"]
[Black "Lkhamsuren, Uuganbayar"]
[Result "0-1"]
[WhiteElo "2216"]
[BlackElo "2144"]
[EventDate "2009.07.23"]
[PlyCount "116"]

1.e4 e6 2.d3 d5 3.Nd2 Nf6 4.e5 Nfd7 5.f4 c5 6.g3 Nc6 7.Bg2 Qb6 8.c3 g5 9.
Ne2 Ne7 10.O-O Nf5 11.Nb1 g4 12.Na3 f6 13.d4 Bg7 14.Nc2 cxd4 15.Nexd4 fxe5
16.fxe5 Nxe5 17.Kh1 Ne7 18.Be3 Qa6 19.a4 Bd7 20.Nb5 Bxb5 21.axb5 Qxb5 22.
Bxa7 h5 23.Nd4 Qd7 24.Bc5 Rc8 25.b4 N7g6 26.h4 Nc4 27.Qe2 Nge5 28.Ra7 Rh6 
29.Nb3 Nc6 30.Ra2 b6 31.Be3 Nxe3 32.Qxe3 Qd6 33.Kh2 Ne7 34.Nd4 Qe5 35.Qd3 
Qd6 36.Qb5+ Kd8 37.Rf7 Rg6 38.Ra7 Rxc3 39.Ra8+ Nc8 40.Ne2 Rc7 41.Nf4 Rh6 
42.Rxc7 Qxc7 43.Bxd5 exd5 44.Qxd5+ Qd6 45.Qg5+ Qf6 46.Qd5+ Kc7 47.Qc4+ Qc6
48.Qf7+ Qd7 49.Nd5+ Kd6 50.Qf4+ Kxd5 51.Ra2 Kc6 52.b5+ Kb7 53.Qe4+ Kc7 54.
Qc4+ Kb8 55.Qe4 Qb7 56.Qe8 Rd6 57.Qxh5 Rd1 58.Rg2 Qf3 0-1

[Event "zonal 3.3 (w)"]
[Site "Ho Chi Minh City VIE"]
[Date "2009.07.29"]
[Round "9"]
[White "Nguyen Quynh Anh"]
[Black "Le Kieu Thien Kim"]
[Result "1/2-1/2"]
[WhiteElo "2102"]
[BlackElo "2250"]
[EventDate "2009.07.23"]
[PlyCount "127"]

1.e4 Nf6 2.e5 Nd5 3.c4 Nb6 4.d4 d6 5.exd6 cxd6 6.Nc3 g6 7.Be3 Bg7 8.Rc1 
O-O 9.Be2 e5 10.dxe5 dxe5 11.c5 N6d7 12.Nf3 Nc6 13.O-O Nf6 14.a3 Ng4 15.
Bd2 Nh6 16.b4 Nf5 17.Bc4 Ncd4 18.Ne4 Be6 19.Bxe6 Nxe6 20.Bc3 Nfd4 21.Re1 
Qd5 22.Ba1 Rfd8 23.Bxd4 exd4 24.Qd2 Qb3 25.Nd6 Qd5 26.Ne4 b6 27.h3 Rac8 
28.Nd6 Rc6 29.Nb7 Rb8 30.b5 Rc7 31.c6 Qxb5 32.Rxe6 fxe6 33.Nxd4 Qd5 34.Rd1
Bxd4 35.Qxd4 Qxd4 36.Rxd4 Rxc6 37.Nd8 Rc1+ 38.Kh2 e5 39.Rd6 Rc7 40.Nc6 Re8
41.f3 e4 42.fxe4 Rxe4 43.Nd4 Kf7 44.Nb5 Rce7 45.Rd2 Kg7 46.Nd4 Re3 47.Nc6 
Rc7 48.Nd4 a6 49.Nc2 Rec3 50.Nd4 Re7 51.Nc2 b5 52.Kg1 Kh6 53.Kf2 Rec7 54.
Nd4 Rxa3 55.h4 Rf7+ 56.Kg1 b4 57.Rb2 a5 58.Kh2 Rf4 59.Nc2 Rxh4+ 60.Kg1 Rc3
61.Kf2 b3 62.Ne1 Rc2+ 63.Nxc2 bxc2 64.Rxc2 1/2-1/2

[Event "zonal 3.3 (w)"]
[Site "Ho Chi Minh City VIE"]
[Date "2009.07.29"]
[Round "9"]
[White "Cua, Shercila"]
[Black "Le Hoang Tran Chau"]
[Result "1-0"]
[WhiteElo "2167"]
[BlackElo "2073"]
[EventDate "2009.07.23"]
[PlyCount "84"]

1.d4 b6 2.Nf3 Bb7 3.g3 e6 4.Bg2 f5 5.O-O Nf6 6.c4 Be7 7.Nc3 O-O 8.d5 Bb4 
9.Nd4 Bxc3 10.bxc3 exd5 11.Ba3 c5 12.Nxf5 Ne4 13.Ne3 dxc4 14.Nxc4 d5 15.
Bxe4 dxe4 16.Nd6 Qc7 17.Qb3+ Kh8 18.Nxb7 Qxb7 19.Bxc5 Re8 20.Be3 Nc6 21.
Rfd1 h6 22.Rd6 Na5 23.Qb5 Qf7 24.Bxh6 Re6 25.Qd5 Rae8 26.Bf4 Qf6 27.Rxe6 
Qxe6 28.Rd1 Qxd5 29.Rxd5 Rc8 30.Be5 Nc6 31.a4 Nxe5 32.Rxe5 Rc4 33.a5 Rxc3 
34.axb6 axb6 35.Rxe4 Rc1+ 36.Kg2 Rb1 37.Re7 b5 38.Rb7 Kh7 39.Kf3 b4 40.Kg4
b3 41.f4 Kg6 42.e4 b2 1-0

[Event "zonal 3.3 (w)"]
[Site "Ho Chi Minh City VIE"]
[Date "2009.07.29"]
[Round "9"]
[White "Perena, Catherine"]
[Black "Pham Bich Ngoc"]
[Result "0-1"]
[WhiteElo "2092"]
[BlackElo "2105"]
[EventDate "2009.07.23"]
[PlyCount "66"]

1.d4 Nf6 2.c4 c5 3.Nf3 cxd4 4.Nxd4 g6 5.g3 Bg7 6.Bg2 O-O 7.O-O Nc6 8.e3 d5
9.cxd5 Nxd5 10.Nxc6 bxc6 11.Qa4 Qb6 12.Na3 Ba6 13.Rd1 Qb7 14.Rb1 Rab8 15.
Be4 Nb4 16.Bd2 Be2 17.Rdc1 Bd3 18.Bxd3 Nxd3 19.Rc2 c5 20.Bc3 Qf3 21.Qc4 
Rfd8 22.Rd2 Bxc3 23.Qxc3 Nb4 24.b3 Rdc8 25.Rbd1 Nxa2 26.Qe5 e6 27.Nc4 Nb4 
28.Nd6 Nc6 29.Qxc5 Rf8 30.Rc1 Rb6 31.Ra2 Nb4 32.Nc8 Nxa2 33.Ra1 Rxb3 0-1

[Event "zonal 3.3 (w)"]
[Site "Ho Chi Minh City VIE"]
[Date "2009.07.29"]
[Round "9"]
[White "Ton Nu Hong An"]
[Black "Hoang Thi Nhu Y"]
[Result "1/2-1/2"]
[WhiteElo "2046"]
[BlackElo "2119"]
[EventDate "2009.07.23"]
[PlyCount "40"]

1.e4 c6 2.d4 d5 3.exd5 cxd5 4.c4 Nf6 5.Nc3 e6 6.Nf3 Be7 7.Be3 O-O 8.Be2 
dxc4 9.Bxc4 a6 10.a3 b5 11.Ba2 Bb7 12.O-O Nbd7 13.Qe2 Nb6 14.Rac1 Nbd5 15.
Ne5 Rc8 16.Nxd5 Bxd5 17.Rxc8 Qxc8 18.Rc1 Qb7 19.Bxd5 Nxd5 20.Qf3 Bf6 
1/2-1/2

[Event "zonal 3.3 (w)"]
[Site "Ho Chi Minh City VIE"]
[Date "2009.07.29"]
[Round "9"]
[White "Vo Thi Kim Phung"]
[Black "Luong Nhat Linh"]
[Result "1/2-1/2"]
[WhiteElo "2073"]
[BlackElo "1952"]
[EventDate "2009.07.23"]
[PlyCount "126"]

1.d4 Nf6 2.c4 g6 3.Nc3 Bg7 4.e4 d6 5.f3 O-O 6.Be3 c6 7.Qd2 a6 8.Nge2 b5 9.
g4 bxc4 10.Ng3 d5 11.g5 Ne8 12.e5 Nc7 13.f4 a5 14.h4 a4 15.a3 Nb5 16.h5 
Nxc3 17.bxc3 Re8 18.Qh2 Qa5 19.Rc1 e6 20.hxg6 hxg6 21.Qh7+ Kf8 22.Bh3 Na6 
23.Bg4 c5 24.Kf2 cxd4 25.cxd4 Rb8 26.Bh5 Rb2+ 27.Kf3 Rb3 28.Rc2 Qb6 29.Rd2
Rb1 30.Rh3 Qb3 31.Bxg6 Re1 32.Re2 Rxe2 33.Nxe2 fxg6 34.Qxg6 Qd3 35.Qh5 c3 
36.Kf2 c2 37.Bc1 Qf5 38.Ng3 Qf7 39.Qh7 Bd7 40.Qd3 Rb8 41.g6 Qe7 42.Qxa6 
Bb5 43.Qa5 Bd3 44.Qxa4 Bxg6 45.f5 exf5 46.Qxc2 Qd7 47.Nxf5 Rc8 48.Rh8+ 
Bxh8 49.Bh6+ Kg8 50.Qxc8+ Qxc8 51.Ne7+ Kh7 52.Nxc8 Kxh6 53.Nb6 Be8 54.Nxd5
Kg5 55.Ke3 Kf5 56.Kd3 Bg7 57.Kc4 Bf8 58.Nc7 Ba4 59.Nb5 Bxb5+ 60.Kxb5 Bxa3 
61.Kc6 Ke6 62.d5+ Kxe5 63.d6 Bxd6 1/2-1/2

[Event "zonal 3.3 (w)"]
[Site "Ho Chi Minh City VIE"]
[Date "2009.07.29"]
[Round "9"]
[White "Pham Thi Ngoc Tu"]
[Black "Citra, Dewi Andhiani Anastasia"]
[Result "1-0"]
[WhiteElo "2089"]
[BlackElo "1923"]
[EventDate "2009.07.23"]
[PlyCount "95"]

1.e4 c5 2.Nf3 d6 3.c3 Nf6 4.h3 Nc6 5.Bd3 g6 6.Bc2 Bg7 7.O-O O-O 8.d4 cxd4 
9.cxd4 b6 10.a3 Bb7 11.Nc3 Rc8 12.Qe2 Nd7 13.Be3 Re8 14.Bb3 Rf8 15.Rfd1 
Qe8 16.Rac1 Kh8 17.Ba2 a6 18.b4 b5 19.Nd5 e6 20.Nf4 e5 21.dxe5 dxe5 22.Nd3
Nd4 23.Bxd4 Rxc1 24.Rxc1 exd4 25.Re1 Qe7 26.Nf4 Re8 27.Nd5 Bxd5 28.Bxd5 
Nb6 29.Bb3 h6 30.e5 Qc7 31.Qa2 Nc4 32.Nxd4 Rxe5 33.Rc1 Qe7 34.Bxc4 bxc4 
35.Nf3 Re2 36.Qxc4 Bb2 37.Rb1 Kh7 38.Qxa6 Qe4 39.Rf1 Kg7 40.b5 Qc4 41.a4 
Bc3 42.Qc6 Qb3 43.a5 Rc2 44.a6 Bf6 45.Qb7 Ra2 46.a7 Qa3 47.b6 Bd8 48.Ne5 
1-0

[Event "zonal 3.3 (w)"]
[Site "Ho Chi Minh City VIE"]
[Date "2009.07.29"]
[Round "9"]
[White "Nguyen Thi Diem Huong"]
[Black "Chan Wei Yi, Victoria"]
[Result "0-1"]
[WhiteElo "2007"]
[BlackElo "1912"]
[EventDate "2009.07.23"]
[PlyCount "74"]

1.e4 c5 2.Nf3 d6 3.d4 cxd4 4.Nxd4 Nf6 5.Nc3 Nc6 6.Bc4 Qb6 7.Nxc6 bxc6 8.
O-O e6 9.Bb3 Be7 10.Re1 O-O 11.e5 dxe5 12.Rxe5 Rd8 13.Qf3 Bb7 14.Bg5 Qc7 
15.Ree1 c5 16.Qh3 a6 17.Bc4 Rd4 18.Bf1 h6 19.Be3 Rb4 20.b3 Rd8 21.a3 Rg4 
22.f3 Rgd4 23.Bxd4 cxd4 24.Ne4 Nd5 25.Bd3 f5 26.Nd2 Nf4 27.Qg3 Bd6 28.Qh4 
Kh7 29.Nf1 Rf8 30.Qf2 Rf6 31.Kh1 Rg6 32.Ng3 Be5 33.b4 h5 34.Rac1 h4 35.
Nxf5 h3 36.Qh4+ Kg8 37.Ne7+ Qxe7 0-1

[Event "zonal 3.3 (w)"]
[Site "Ho Chi Minh City VIE"]
[Date "2009.07.29"]
[Round "9"]
[White "Aulia, Medina Warda"]
[Black "Tran Le Dan Thuy"]
[Result "0-1"]
[WhiteElo "1945"]
[BlackElo "1780"]
[EventDate "2009.07.23"]
[PlyCount "78"]

1.e4 c5 2.Nf3 d6 3.d4 cxd4 4.Nxd4 Nf6 5.Nc3 e6 6.Be2 a6 7.a4 b6 8.O-O Bb7 
9.f3 d5 10.e5 Nfd7 11.f4 Bc5 12.Kh1 O-O 13.Nb3 Nc6 14.Qe1 f6 15.exf6 Qxf6 
16.Bd3 Nb4 17.Qg3 e5 18.Qh3 Nxd3 19.Qxd3 Qc6 20.Qg3 d4 21.Nd1 e4 22.Re1 
Nf6 23.Nf2 e3 24.Nd3 Ne4 25.Qg4 Rxf4 26.Qh3 Nf2+ 27.Nxf2 Rxf2 28.Rg1 Raf8 
29.Bxe3 dxe3 30.Nxc5 Qxc5 31.c3 Qe5 32.Rae1 e2 33.Qg4 Bf3 34.Qh3 Bd5 35.
Qg4 Qe4 36.Qxe4 Bxe4 37.b4 Bxg2+ 38.Rxg2 Rf1+ 39.Rg1 Rxe1 0-1